[Event "Titled Tuesday intern op 10th Sep Early"]
[Site "Chess,com INT"]
[Date "2024.09.10"]
[Round "2"]
[White "Kuandykuly, Danis"]
[Black "Bobkov, Vadim"]
[Result "0-1"]
[WhiteElo "2214"]
[BlackElo "2253"]
[PlyCount "58"]
[EventDate "2024.09.10"]
[EventType "swiss (blitz)"]
[EventRounds "11"]
[EventCountry "USA"]
[SourceTitle "EXT 2025"]
[Source "ChessBase"]
[SourceDate "2024.10.14"]
[SourceVersion "1"]
[SourceVersionDate "2024.10.14"]
[SourceQuality "1"]

1. e4 c5 2. Nf3 Nf6 3. e5 Nd5 4. Nc3 Nxc3 5. dxc3 Nc6 6. Bf4 h6 7. Bc4 e6 8. h4 Qc7 9. h5 b6 10. Qd2 Bb7 11. 0-0-0 0-0-0 12. Kb1 Na5 13. Be2 Kb8 14. Rh3 Bd5 15. b3 Nb7 16. c4 Bc6 17. Rg3 d5 18. exd6 Bxd6 19. Bxd6 Rxd6 20. Qe3 Rxd1+ 21. Bxd1 Rd8 22. Be2 f6 23. Bd3 e5 24. Nh4 Nd6 25. f3 Qf7 26. Bg6 Qe7 27. Nf5 Nxf5 28. Bxf5 Rd4 29. Rg4 Be8 0-1

[Event "Titled Tuesday intern op 03rd Sep Early"]
[Site "Chess.com INT"]
[Date "2024.09.03"]
[Round "11"]
[White "Bobkov, Vadim"]
[Black "Mamedov, Edgar"]
[Result "0-1"]
[WhiteElo "2253"]
[BlackElo "2448"]
[PlyCount "104"]
[EventDate "2024.09.03"]
[EventType "swiss (blitz)"]
[EventRounds "11"]
[EventCountry "USA"]
[SourceTitle "EXT 2025"]
[Source "ChessBase"]
[SourceDate "2024.10.14"]
[SourceVersion "1"]
[SourceVersionDate "2024.10.14"]
[SourceQuality "1"]

1. d4 d5 2. c4 e6 3. Nc3 Nf6 4. cxd5 exd5 5. Bg5 c6 6. e3 Bd6 7. Bd3 0-0 8. Qc2 h6 9. Bh4 Re8 10. Nge2 a5 11. h3 Na6 12. Qd2 b5 13. 0-0 Be7 14. f3 Nc7 15. Bf2 Ba6 16. e4 b4 17. Na4 dxe4 18. fxe4 Bxd3 19. Qxd3 Bd6 20. Bh4 g5 21. Qf3 gxh4 22. e5 Ncd5 23. exf6 Qd7 24. Qh5 Kh7 25. Nc5 Bxc5 26. dxc5 Qe6 27. Rf2 Nxf6 28. Qxh4 Ne4 29. Rff1 Nxc5 30. Nd4 Qe4 31. Rxf7+ Kg8 32. Qf6 Qe3+ 33. Kh1 Qg5 34. Qf3 Ne4 35. Rf5 Ng3+ 36. Kh2 Nxf5 37. Nxf5 Rf8 38. Rf1 Kh8 39. g4 Rad8 40. Rf2 Rd2 41. Kg3 h5 42. Rxd2 h4+ 43. Kg2 Qxd2+ 44. Kh1 Re8 45. Ne3 Qc1+ 46. Kh2 Qxb2+ 47. Ng2 Qe5+ 48. Kh1 Kg7 49. Qxc6 Rf8 50. Qd7+ Rf7 51. Qd3 Rf2 52. Qd7+ Kh6 0-1

[Event "Titled Tuesday intern op 03rd Sep Early"]
[Site "Chess.com INT"]
[Date "2024.09.03"]
[Round "5"]
[White "Bobkov, Vadim"]
[Black "Reshef, Omer"]
[Result "1-0"]
[WhiteElo "2253"]
[BlackElo "2467"]
[PlyCount "65"]
[EventDate "2024.09.03"]
[EventType "swiss (blitz)"]
[EventRounds "11"]
[EventCountry "USA"]
[SourceTitle "EXT 2025"]
[Source "ChessBase"]
[SourceDate "2024.10.14"]
[SourceVersion "1"]
[SourceVersionDate "2024.10.14"]
[SourceQuality "1"]

1. d4 d5 2. c4 c6 3. Nc3 Nf6 4. e3 g6 5. Nf3 Bg7 6. Bd3 0-0 7. 0-0 Bg4 8. h3 Bxf3 9. Qxf3 Qd6 10. Rd1 Nbd7 11. Bf1 e5 12. cxd5 cxd5 13. dxe5 Nxe5 14. Qg3 Rfd8 15. Bd2 a6 16. Qh4 Qe6 17. Ne2 Ne4 18. Ba5 Bf6 19. Qf4 Bg5 20. Nd4 Qd6 21. Qh2 Nxf2 22. Bxd8 Bxe3 23. Bg5 Bxg5 24. Re1 Ne4 25. Rad1 Re8 26. Bd3 Qb6 27. Bxe4 dxe4 28. Rxe4 Bf6 29. Kh1 Qxb2 30. Nf3 Re6 31. Rde1 Nxf3 32. gxf3 Rxe4 33. fxe4 1-0

[Event "Titled Tuesday intern op 03rd Sep Early"]
[Site "Chess.com INT"]
[Date "2024.09.03"]
[Round "6"]
[White "Bobkov, Vadim"]
[Black "Yildiz, Serdar Murat"]
[Result "1-0"]
[WhiteElo "2253"]
[BlackElo "2201"]
[PlyCount "101"]
[EventDate "2024.09.03"]
[EventType "swiss (blitz)"]
[EventRounds "11"]
[EventCountry "USA"]
[SourceTitle "EXT 2025"]
[Source "ChessBase"]
[SourceDate "2024.10.14"]
[SourceVersion "1"]
[SourceVersionDate "2024.10.14"]
[SourceQuality "1"]

1. d4 Nf6 2. c4 e6 3. Nc3 Bb4 4. f3 d5 5. a3 Bxc3+ 6. bxc3 0-0 7. cxd5 exd5 8. e3 c5 9. Bd3 Nc6 10. Ne2 Re8 11. 0-0 b6 12. Ng3 a5 13. Ra2 Ba6 14. Bxa6 Rxa6 15. Qd3 Ra7 16. Re2 Rae7 17. Bb2 a4 18. e4 dxe4 19. fxe4 cxd4 20. cxd4 Ne5 21. Qc2 Ng6 22. e5 Nd5 23. Qxa4 Ngf4 24. Rd2 Rc7 25. Nf5 Rf8 26. Qb3 Qg5 27. Rdf2 Rc3 28. Ne7+ Kh8 29. Qxd5 Nh3+ 30. Kh1 Nxf2+ 31. Kg1 Nh3+ 32. Kh1 Nf2+ 33. Kg1 Qe3 34. Qf3 Nh3+ 35. Kh1 Qxf3 36. gxf3 Rc2 37. Bc1 Nf2+ 38. Kg1 Nh3+ 39. Kh1 Re8 40. Nd5 Nf2+ 41. Kg1 Nh3+ 42. Kh1 h6 43. Be3 g5 44. Nf6 Rec8 45. d5 Nf4 46. d6 Ne6 47. Bxb6 Rd2 48. a4 Rcc2 49. Bg1 Nf4 50. Rb1 Nh3 51. Rb8+ 1-0